[Event "Moscow-ch op Superfinal"]
[Site "Ershovo"]
[Date "2024.02.25"]
[Round "4"]
[White "Kramarenko, Elena"]
[Black "Miroshnik, Ekaterina"]
[Result "1-0"]
[WhiteElo "1671"]
[BlackElo "2125"]
[PlyCount "121"]
[EventDate "2024.02.23"]
[EventType "swiss"]
[EventRounds "10"]
[EventCountry "RUS"]
[SourceTitle "CB10_2024"]
[SourceDate "2024.03.06"]
[SourceVersion "1"]
[SourceVersionDate "2024.03.06"]
[SourceQuality "1"]

1. e4 c5 2. Nf3 e6 3. d4 d5 4. exd5 Qxd5 5. Nc3 Qd8 6. Be3 cxd4 7. Nxd4 a6 8. a3 Nf6 9. Qf3 Be7 10. 0-0-0 Nbd7 11. Qg3 0-0 12. Be2 Kh8 13. h4 Rg8 14. Qh2 Qf8 15. Kb1 Nc5 16. g4 Bd7 17. g5 Nd5 18. Nxd5 exd5 19. Qe5 Rd8 20. Nf5 Bxf5 21. Qxf5 Ne6 22. h5 d4 23. Bd3 g6 24. hxg6 Rxg6 25. Qh3 Qg7 26. Bxg6 Qxg6 27. Bc1 Nc5 28. f4 f5 29. gxf6 Bxf6 30. Qh5 Qxh5 31. Rxh5 b6 32. Rdh1 Rd7 33. Rh6 Rf7 34. Re1 Kg7 35. Rh5 d3 36. f5 Rc7 37. Rg1+ Kf8 38. Bh6+ Ke8 39. cxd3 Nxd3 40. Bc1 Rf7 41. Rh3 Nc5 42. Rgh1 Bd4 43. Re1+ Kd8 44. Rd1 Rd7 45. f6 Kc7 46. f7 Bg7 47. Rxd7+ Kxd7 48. Rxh7 Bf8 49. Bh6 Ke7 50. Rh8 Bxh6 51. Rxh6 Nd7 52. Rh7 Kf8 53. Kc2 Nf6 54. Rh8+ Kxf7 55. Ra8 a5 56. Kd3 Ke6 57. Kc4 Kd7 58. Kb5 Nd5 59. Ra7+ Kd6 60. Rb7 a4 61. Rxb6+ 1-0

[Event "RUS-chT Blitz (Women)"]
[Site "Sochi"]
[Date "2023.10.17"]
[Round "5.1"]
[White "Kramarenko, Elena"]
[Black "Badelka, Olga"]
[Result "0-1"]
[WhiteElo "1671"]
[BlackElo "2386"]
[PlyCount "84"]
[EventDate "2023.10.17"]
[EventType "team-tourn (blitz)"]
[EventRounds "13"]
[EventCountry "RUS"]
[SourceTitle "Mega2024 Update 01"]
[Source "Chessbase"]
[SourceDate "2023.11.12"]
[SourceVersion "1"]
[SourceVersionDate "2023.11.12"]
[SourceQuality "1"]
[WhiteTeam "Krasnodar Etyud Saavedry (W)"]
[BlackTeam "Moscow ShSM (W)"]
[WhiteTeamCountry "RUS"]
[BlackTeamCountry "RUS"]

1. e4 e5 2. Nf3 Nc6 3. Nc3 g6 4. d4 exd4 5. Nxd4 Bg7 6. Be3 Nge7 7. Bc4 d6 8. Qd2 0-0 9. 0-0-0 a6 10. h4 h5 11. f3 Ne5 12. Bb3 b5 13. Nde2 b4 14. Nd5 Nxd5 15. Bxd5 Rb8 16. Nf4 Bb7 17. Qe2 Bxd5 18. Nxd5 c6 19. Nf4 Qa5 20. Kb1 Rfd8 21. g4 hxg4 22. fxg4 d5 23. exd5 cxd5 24. Bd4 Nc4 25. Bxg7 Kxg7 26. h5 Na3+ 27. Ka1 Qc7 28. hxg6 Qxf4 29. gxf7 Nc4 30. Rdf1 Qg5 31. Rh5 Qd2 32. Qxd2 Nxd2 33. Rff5 Ne4 34. Kb1 Rf8 35. Rxd5 Rxf7 36. b3 Nc3+ 37. Kc1 Nxd5 38. Rxd5 Rc8 39. Rd2 Rf4 40. Rg2 Kg6 41. Kb2 a5 42. a3 Kg5 0-1

[Event "RUS-ch Rapid (Women)"]
[Site "Sochi"]
[Date "2023.10.15"]
[Round "3"]
[White "Zhurova, Anna"]
[Black "Kramarenko, Elena"]
[Result "1-0"]
[WhiteElo "2288"]
[BlackElo "1671"]
[PlyCount "85"]
[EventDate "2023.10.15"]
[EventType "swiss (rapid)"]
[EventRounds "11"]
[EventCountry "RUS"]
[SourceTitle "Mega2024 Update 01"]
[Source "Chessbase"]
[SourceDate "2023.11.12"]
[SourceVersion "1"]
[SourceVersionDate "2023.11.12"]
[SourceQuality "1"]

1. e4 c5 2. Nc3 Nc6 3. g3 g6 4. Bg2 Bg7 5. d3 e6 6. Be3 Nd4 7. Qd2 Ne7 8. Nd1 d5 9. c3 Ndc6 10. Bxc5 dxe4 11. dxe4 0-0 12. Qxd8 Rxd8 13. f4 b6 14. Ba3 Bb7 15. Nf3 Rd7 16. Ne3 Rad8 17. Rd1 Rd3 18. Kf2 Nc8 19. Rxd3 Rxd3 20. Rd1 Rxd1 21. Nxd1 b5 22. Bc5 Bf8 23. Bxf8 Kxf8 24. Ke3 Nd6 25. b3 a5 26. Nd4 a4 27. Nf2 Ke8 28. Bf1 b4 29. Nxc6 Bxc6 30. cxb4 axb3 31. axb3 Kd7 32. Bd3 Kc7 33. Ng4 Kb6 34. Ne5 Be8 35. Nc4+ Kc7 36. Nxd6 Kxd6 37. Kd4 Bc6 38. b5 Bb7 39. e5+ Kc7 40. Kc5 Bd5 41. b4 Bf3 42. b6+ Kb7 43. Bb5 1-0

[Event "RUS-ch Higher League (Women) 73rd"]
[Site "Novokuznetsk"]
[Date "2023.07.03"]
[Round "7"]
[White "Kramarenko, Elena"]
[Black "Sargaeva, Darima"]
[Result "0-1"]
[WhiteElo "1847"]
[BlackElo "1625"]
[PlyCount "104"]
[EventDate "2023.06.26"]
[EventType "swiss"]
[EventRounds "9"]
[EventCountry "RUS"]
[SourceTitle "EXT 2024"]
[Source "ChessBase"]
[SourceDate "2023.10.10"]
[SourceVersion "1"]
[SourceVersionDate "2023.10.10"]
[SourceQuality "1"]

1. e4 c5 2. Nf3 Nc6 3. d4 cxd4 4. Nxd4 Nf6 5. Nc3 e5 6. Ndb5 d6 7. Bg5 a6 8. Na3 b5 9. Bxf6 gxf6 10. Nd5 Be6 11. c3 Be7 12. Nc2 f5 13. exf5 Bxf5 14. Nce3 Bg6 15. a4 b4 16. Bc4 bxc3 17. bxc3 Ra7 18. 0-0 Bg5 19. Qe2 0-0 20. Bxa6 Na5 21. Bb5 Nb3 22. Ra3 Nc5 23. Rd1 f5 24. Nc4 f4 25. Nb4 f3 26. Qe1 Bf4 27. g3 Qg5 28. Nxd6 h5 29. Kh1 h4 30. g4 Qxg4 31. Qg1 Qh5 32. Qf1 Rg7 33. Qh3 Ne4 34. Nxe4 Bxe4 35. Rg1 Rg2 36. Raa1 Kh8 37. Rxg2 fxg2+ 38. Kg1 Bf5 39. Be2 Qxe2 40. Qxh4+ Bh7 41. Nd5 Bg5 42. Qg3 Bd3 43. Qh3+ Kg7 44. Qxg2 Rg8 45. Ne3 Kh8 46. Ng4 Bh4 47. f3 e4 48. Qh3 Qf2+ 49. Kh1 Qxf3+ 50. Qxf3 exf3 51. h3 f2 52. Ne3 Be4+ 0-1

[Event "RUS-ch Higher League (Women) 73rd"]
[Site "Novokuznetsk"]
[Date "2023.07.02"]
[Round "6"]
[White "Shestakova, Ekaterina"]
[Black "Kramarenko, Elena"]
[Result "1-0"]
[WhiteElo "1932"]
[BlackElo "1847"]
[PlyCount "105"]
[EventDate "2023.06.26"]
[EventType "swiss"]
[EventRounds "9"]
[EventCountry "RUS"]
[SourceTitle "EXT 2024"]
[Source "ChessBase"]
[SourceDate "2023.10.10"]
[SourceVersion "1"]
[SourceVersionDate "2023.10.10"]
[SourceQuality "1"]

1. e4 c5 2. b3 Nc6 3. Bb2 Nf6 4. e5 Nd5 5. Nf3 e6 6. Bb5 Qc7 7. 0-0 a6 8. Bxc6 Qxc6 9. d3 b6 10. Nbd2 Bb7 11. Ne4 Be7 12. Qd2 0-0-0 13. c4 Nc7 14. Rfe1 Ne8 15. Qf4 f5 16. Neg5 h6 17. Nf7 g5 18. Qg3 Rh7 19. Nxd8 Bxd8 20. d4 f4 21. Qh3 g4 22. Qxg4 Rg7 23. Qxf4 Qxf3 24. Qxf3 Bxf3 25. g3 Bg5 26. dxc5 Bd2 27. cxb6 Bxe1 28. Rxe1 Kb7 29. c5 Kc6 30. Re3 Rf7 31. b4 Bd5 32. a4 Rf3 33. Rxf3 Bxf3 34. Bc1 h5 35. Bh6 Bd1 36. b5+ Kb7 37. bxa6+ Kxa6 38. Kg2 Bxa4 39. Kf3 Bc6+ 40. Kf4 Kb7 41. f3 d5 42. cxd6 Kxb6 43. h4 Kc5 44. Bf8 Kd4 45. g4 Nf6 46. exf6 e5+ 47. Kg3 hxg4 48. fxg4 Kd5 49. h5 Ke6 50. g5 Be8 51. h6 Bg6 52. Bg7 e4 53. d7 1-0

[Event "Amazons Pride Blitz"]
[Site "Chess.com INT"]
[Date "2021.10.23"]
[Round "4"]
[White "Kramarenko, Elena"]
[Black "Fataliyeva, Ulviyya Hasil Qizi"]
[Result "0-1"]
[WhiteElo "1801"]
[BlackElo "2309"]
[PlyCount "82"]
[EventDate "2021.10.23"]
[EventType "swiss (blitz)"]
[EventRounds "9"]
[EventCountry "USA"]
[SourceTitle "CBM 204 Extra"]
[Source "ChessBase"]
[SourceDate "2021.11.30"]
[SourceVersion "1"]
[SourceVersionDate "2021.11.30"]
[SourceQuality "1"]

1. e4 c6 2. d4 d5 3. Nc3 dxe4 4. Nxe4 Nf6 5. Nxf6+ exf6 6. Qd3 Bd6 7. Be3 0-0 8. 0-0-0 Na6 9. Nf3 Nb4 10. Qb3 a5 11. a3 a4 12. Qc4 b5 13. Qe2 Nd5 14. Qe1 b4 15. axb4 Bxb4 16. c3 a3 17. cxb4 a2 18. Kc2 Bf5+ 19. Bd3 a1Q 20. Rxa1 Rxa1 21. Qxa1 Nxb4+ 22. Kd2 Bxd3 23. Qa3 Qb6 24. Rc1 Be4 25. d5 Qb8 26. Bc5 Nd3 27. Bxf8 Qf4+ 28. Ke2 Qxc1 29. Bd6 h6 30. dxc6 Qc2+ 31. Ke3 Qxc6 32. Nd4 Qd5 33. f3 Bg6 34. h3 Qg5+ 35. Ke2 Qxg2+ 36. Kd1 Nxb2+ 37. Kc1 Nd3+ 38. Kd1 Nb2+ 39. Kc1 Nc4 40. Qa8+ Kh7 41. Bc5 Qf1# 0-1